| 000 | 00693nam a2200217 i 4500 | ||
|---|---|---|---|
| 001 | 28290 | ||
| 003 | ES-MaACL | ||
| 005 | 20230906153822.0 | ||
| 007 | t| | ||
| 008 | 030116s1975 sp ||||1| spa d | ||
| 080 | _a811.134.1'36 | ||
| 100 | 1 |
_aBadia i Margarit, Antoni M. _924542 |
|
| 245 | 1 | 0 |
_aGramática catalana / _cAntoni M. Badia i Margarit. |
| 260 |
_aMadrid : _bGredos, _c[1975] |
||
| 300 |
_a2 v. ; _c21 cm. |
||
| 490 | 1 |
_aBiblioteca románica hispánica. III. Manuales ; _v10 |
|
| 650 | 4 |
_aLengua catalana- _xGramática. _914105 |
|
| 830 | 0 |
_aBiblioteca románica hispánica. III. Manuales ; _v10 _9177701 |
|
| 852 |
_aES-MaACL _jE-9993-94 _bR.93883 |
||
| 999 |
_c28290 _d28290 |
||